000 00323nam a2200133 i 4500
001 bg
100 1 _aZALESKI, T.
245 0 _aMetody algebry liniowej w inżynierii procesowej /
_cT. Zaleski.
260 _aWarszawa,
_c1987.
040 _cBPK
041 _apol
942 _cKS
008 s pl f |000 0 pol
999 _c23731
_d23731
856 _uhttp://koha.tu.koszalin.pl/cgi-bin/koha/opac-detail.pl?biblionumber=23731
_yKatalog online BPK